[Event "Verona Province-ch"]
[Site "Zevio Verona"]
[Date "2013.01.25"]
[Round "4"]
[White "Marin, Alessandro"]
[Black "Faccia, Sergio"]
[Result "0-1"]
[WhiteElo "1988"]
[BlackElo "2013"]
[PlyCount "88"]
[EventDate "2013.01.12"]
[EventType "swiss"]
[EventRounds "6"]
[EventCountry "ITA"]
[SourceTitle "EXT 2024"]
[Source "ChessBase"]
[SourceDate "2023.10.10"]
[SourceVersion "1"]
[SourceVersionDate "2023.10.10"]
[SourceQuality "1"]

1. e4 e5 2. Nf3 Nc6 3. d4 exd4 4. Nxd4 Bc5 5. Nxc6 bxc6 6. Bd3 Qh4 7. Qd2 Nf6 8. 0-0 d5 9. e5 Ng4 10. h3 Nxe5 11. Re1 f6 12. Qf4 Qxf4 13. Bxf4 0-0 14. Bf1 Bxh3 15. Nd2 Bg4 16. Be2 Bxe2 17. Rxe2 Rab8 18. Nb3 Bb6 19. Kf1 g5 20. Bg3 Rbe8 21. Rae1 Rd8 22. Nd2 h6 23. f3 Ng6 24. Re6 c5 25. R1e2 Kf7 26. Rc6 Ne7 27. Rce6 Nf5 28. Bf2 c4 29. g4 Bxf2 30. gxf5 Bc5 31. Rh2 Rh8 32. Rh5 Rde8 33. Rxe8 Kxe8 34. Ke2 Kd7 35. Nf1 Kd6 36. Nh2 Ke5 37. Ng4+ Kxf5 38. Rxh6 Rxh6 39. Nxh6+ Kf4 40. Ng4 f5 41. Nh2 d4 42. b3 d3+ 43. cxd3 cxd3+ 44. Kxd3 Kg3 0-1

[Event "Verona Province-ch"]
[Site "Zevio Verona"]
[Date "2013.01.20"]
[Round "6"]
[White "Marin, Alessandro"]
[Black "Khachab, Ibrahim"]
[Result "1/2-1/2"]
[WhiteElo "1988"]
[BlackElo "1922"]
[PlyCount "137"]
[EventDate "2013.01.12"]
[EventType "swiss"]
[EventRounds "6"]
[EventCountry "ITA"]
[SourceTitle "EXT 2024"]
[Source "ChessBase"]
[SourceDate "2023.10.10"]
[SourceVersion "1"]
[SourceVersionDate "2023.10.10"]
[SourceQuality "1"]

1. e4 e6 2. d3 b6 3. Nf3 Bb7 4. g3 c5 5. Bg2 Nc6 6. 0-0 Nge7 7. e5 Ng6 8. Re1 Be7 9. Nbd2 Qc7 10. c3 d5 11. exd6 Bxd6 12. Nc4 Be7 13. Qe2 Bf6 14. Bg5 Qe7 15. Bxf6 gxf6 16. a4 Rd8 17. Rad1 0-0 18. h4 Qc7 19. h5 Nge7 20. Nh4 Kh8 21. Qe3 Ng8 22. g4 Nce7 23. Bxb7 Qxb7 24. f4 Nd5 25. Qg3 Qc7 26. Re4 Nh6 27. Nf3 Nxg4 28. Nh2 Nxh2 29. Qxh2 Rg8+ 30. Kh1 f5 31. Re5 Qc6 32. Qh4 Nxf4+ 33. Re4 Nd5 34. Ne5 Qc7 35. Re2 Qb7 36. Kh2 Qc7 37. c4 f6 38. cxd5 fxe5 39. Qf6+ Qg7 40. Qxg7+ Rxg7 41. Rxe5 Rxd5 42. Rxe6 Rd4 43. Re8+ Rg8 44. Rxg8+ Kxg8 45. b3 Rh4+ 46. Kg3 Rxh5 47. Kf4 Kf7 48. Ke5 Rg5 49. d4 cxd4 50. Rxd4 Ke7 51. Rc4 Kd7 52. Rh4 h5 53. Kf6 Rg3 54. b4 Rg4 55. Rxh5 Rxb4 56. Rh7+ Kc6 57. Rxa7 f4 58. Ke5 f3 59. Rf7 Rb3 60. Kd4 Ra3 61. Rf6+ Kb7 62. Kc4 Ka6 63. Kb4 Re3 64. Rf4 Kb7 65. Kb5 Rb3+ 66. Kc4 Ra3 67. Kb5 Rb3+ 68. Kc4 Re3 69. Kb5 1/2-1/2